[Event "Rhein Main op-B 16th"]
[Site "Bad Homburg"]
[Date "2013.05.29"]
[Round "1"]
[White "Schmid, Herbert"]
[Black "Werndl, Jan Frederik"]
[Result "1-0"]
[WhiteElo "1746"]
[BlackElo "1075"]
[PlyCount "63"]
[EventDate "2013.05.29"]
[EventType "swiss"]
[EventRounds "7"]
[EventCountry "GER"]
[SourceTitle "EXT 2014"]
[Source "ChessBase"]
[SourceDate "2013.11.20"]
[SourceVersion "1"]
[SourceVersionDate "2013.11.20"]
[SourceQuality "1"]

1. e4 e5 2. Nf3 Nc6 3. Bb5 Nf6 4. d3 Bd6 5. Nbd2 a6 6. Ba4 b5 7. Bb3 0-0 8. a4 Bb7 9. c3 h6 10. Nf1 Na5 11. Bc2 c5 12. Ng3 c4 13. 0-0 b4 14. Nf5 Bc7 15. cxb4 cxd3 16. Bxd3 Nc6 17. Qb3 Ne7 18. Ng3 Ng6 19. Bd2 d5 20. Rfe1 Nf4 21. exd5 Nxd3 22. Qxd3 Re8 23. Qc3 Qxd5 24. Rad1 Qc6 25. Qb3 e4 26. Nd4 Qd6 27. Be3 Qe5 28. Ndf5 Ng4 29. Bd4 Qf4 30. Qc3 e3 31. Bxe3 Rxe3 32. Qxg7# 1-0